Loading...
| Arts - Music | 4 | 12.50 | 100% | 25% | 0% |
| Arts - Other Arts | 4 | 17.50 | 75% | 75% | 25% |
| Arts - Painting | 5 | 16.00 | 100% | 60% | 0% |
| History - American | 1 | 10.00 | 100% | 0% | 0% |
| History - American History | 6 | 10.00 | 83% | 0% | 17% |
| History - European | 5 | 26.00 | 100% | 100% | 60% |
| History - Other History | 5 | 18.00 | 100% | 60% | 20% |
| History - World | 1 | 20.00 | 100% | 100% | 0% |
| History - World History | 4 | 27.50 | 100% | 100% | 75% |
| Literature - American Lit | 5 | 14.00 | 100% | 40% | 0% |
| Literature - British Lit | 4 | 22.50 | 100% | 75% | 50% |
| Literature - European Lit | 4 | 15.00 | 100% | 50% | 0% |
| Literature - World | 1 | 20.00 | 100% | 100% | 0% |
| Literature - World Lit | 3 | 16.67 | 100% | 33% | 33% |
| Mythology | 3 | 23.33 | 100% | 100% | 33% |
| Other - Geo/CE | 1 | 30.00 | 100% | 100% | 100% |
| Other Academic | 3 | 16.67 | 67% | 67% | 33% |
| Pop Culture | 4 | 17.50 | 100% | 50% | 25% |
| Religion | 5 | 18.00 | 80% | 100% | 0% |
| Science - Biology | 6 | 13.33 | 83% | 50% | 0% |
| Science - Chemistry | 4 | 15.00 | 100% | 50% | 0% |
| Science - Other Science | 6 | 18.33 | 100% | 67% | 17% |
| Science - Physics | 5 | 16.00 | 100% | 60% | 0% |
| Thought - Philosophy | 3 | 20.00 | 100% | 100% | 0% |
| Thought - Social Science | 5 | 10.00 | 80% | 0% | 20% |